| 000 | 01165nam a2200253 a 4500 | ||
|---|---|---|---|
| 001 | 000006093 | ||
| 005 | 20240229073943.0 | ||
| 008 | 090826s2003 dr ac 001 0 spa d | ||
| 020 | _a9993481998 | ||
| 040 |
_aDO-SdBNP _bspa _cBNPHU |
||
| 082 |
_a328.7293 _bA188s |
||
| 245 | 0 | 0 |
_aActas del senado 1926-1930 / _cestenografiadas y redactadas por Esther Montás Valdés ; selección, presentación e índices José Chez Checo ; edición Yovanny Céspedes Turbí. |
| 260 |
_aSanto Domingo : _bSecretaría de Estado de Cultura : _bPatronato de la Ciudad Colonial de Santo Domingo : _bCentro de Altos Estudios Humanísticos y del Idioma Español, _c2003. |
||
| 300 |
_a516 p. : _bfacsíms., il., retrs. ; _c31 cm. |
||
| 500 | _aIncluye índice onomástico y geográfico. | ||
| 504 | _aBibliografía : p. 499-500 | ||
| 590 | _aInventariado, 2018/BT | ||
| 651 | 4 |
_aRepública Dominicana _xSenado _xActas _917150 |
|
| 651 | 4 |
_aRepública Dominicana _xSenado _xHistoria _910142 |
|
| 700 | 1 |
_aMontás Valdés, Esther _917151 |
|
| 700 | 1 |
_aCéspedes Turbí, Yovanny, _eed. _917152 |
|
| 700 | 1 |
_aChez Checo, José, _d1949- _910145 |
|
| 910 | _aValidado. Control de calidad. MMOLINA | ||
| 999 |
_c5889 _d5889 |
||